000 00324 a2200157 4500
001 172432
020 _a
040 _cMagnum
100 _aFurnari, Eva
240 1 0 _aPalavras opostas
_lpor
245 1 0 _aPalavras opostas
362 0 _a1899
440 1 _aMelhoramentos
697 _aI/AVENTURA, CRIANCAS
942 _cBK
999 _c172432
_d172432